000 00681nam a2200193 a 4500
008 060424s1984 ||||||||||||||||| || u
020 _a0893409316
050 _aPS 3555.S89S8
100 _aEstleman, Loren D
245 1 0 _aSugartown
260 _aSouth Yarmouth :
_bJohn Curley & Associates
_c1984
300 _a349 p.
350 _a0.00
650 _aDETROIT (MICH.) - FICTION
650 _aLARGE TYPE BOOKS
650 _aPRIVATE INVESTIGATORS - MICHIGAN - DETROIT - FICTION
650 _aWALKER, AMOS (FICTITIOUS CHARACTER) - FICTION
995 _D0.00
_FCBU-MAIN LIBRARY (Kitwe)
_H1
_I8.95
_M1
_UAVAILABLE
_ZFiction Collection
999 _c59074
_d59074